| 000 | 00756nam a22002177a 4500 | ||
|---|---|---|---|
| 005 | 20240530110519.0 | ||
| 008 | 160213s2012 ua a g 000 0 ara d | ||
| 017 |
_a2012/5755 _bمصر . دار الكتب المصرية |
||
| 020 | _a9789775023209 | ||
| 040 | _aEG-CaGPL | ||
| 082 | 0 | 4 |
_221 _a791.437\ _bم ت |
| 100 | 0 | _aمحمود قاسم . | |
| 245 | 1 | 0 |
_aتايتانيك : _bالفيلم و الحدث / _cمحمود قاسم . |
| 250 | _aط1. | ||
| 260 |
_aالقاهرة : _bدار كتابات ، _c2012 . |
||
| 300 |
_a117 ص : _bصور ؛ _c20 سم . |
||
| 650 | 0 | 4 | _aالافلام السينمائية . |
| 650 | 0 | 4 |
_aالسينما _zالولايات المتحدة . |
| 942 |
_2ddc _cBK |
||
| 999 |
_c61844 _d61844 |
||